000 00315nam a22001457a 4500
003 SGT
020 _a0-7619-1490-0
082 _a614,P99T
100 _aTHOMPSON, ROSS A.
245 _aTHE POST DIVORCE FAMILY
260 _aLONDON
_bSAGE
_c1999
300 _a245
650 _aCOMMUNITY MEDICINE
942 _2ddc
_cBK
999 _c8346
_d8346